| 000 | 01349cam a2200373Li 4500 | ||
|---|---|---|---|
| 999 |
_c105475 _d105475 |
||
| 003 | BJBSDDR | ||
| 005 | 20230411085647.0 | ||
| 007 | ta | ||
| 008 | 990602s1996 xxk 000 0 eng d | ||
| 020 | _a052148216X (rel) | ||
| 020 | _a9780521482165 (rel) | ||
| 035 | _a(OCoLC)ocn468631855 | ||
| 035 | _a(OCoLC)468631855 | ||
| 040 |
_aBDF _bfre _cBJBSDDR |
||
| 041 | _aspa | ||
| 049 | _aGRAL | ||
| 050 | 1 | 4 |
_aHG 3877 _bY66e 1996 |
| 082 | 1 |
_a382.91 _222 |
|
| 100 | 1 | _aYotopoulos, Pan A. | |
| 245 | 1 | 0 |
_aExchange rate parity for trade and development : _btheory, tests, and case studies / _cPan A. Yotopoulos. |
| 260 |
_aCambridge : _bCambridge university press, _c1996. |
||
| 300 |
_aXVII-323 p. ; _c24 cm. |
||
| 500 | _aBibliogr. p. 293-309. Index. | ||
| 650 | 7 |
_aTaux de change _zPays en voie de développement. _2ram |
|
| 650 | 7 |
_aDéveloppement économique. _2ram |
|
| 650 | 7 |
_aPolitique commerciale _zPays en voie de développement. _2ram |
|
| 650 | 0 |
_aDesarrollo económico _zRepública Dominicana _9767 |
|
| 650 | 4 |
_aPolítica comercial internacional. _91238 |
|
| 856 | 4 | 2 |
_3Notice et cote du catalogue de la Bibliotháeque nationale de France _uhttp://catalogue.bnf.fr/ark:/12148/cb37501382f |
| 886 | 1 |
_2intermrc _a009 _bax-d--------------- |
|
| 886 | 2 |
_2intermrc _a917 _b-- _oGEA _a004019998 |
|
| 942 |
_2lcc _cBK |
||
| 946 | _amfcruz | ||